[Event "Barcelona Ideal Clave op 21st"]
[Site "Barcelona"]
[Date "2017.11.25"]
[Round "8"]
[White "Fernandez Macarron, Mariano"]
[Black "Garcia Miralles, Eduard"]
[Result "0-1"]
[WhiteElo "1446"]
[BlackElo "1700"]
[PlyCount "66"]
[EventDate "2017.09.30"]
[EventType "swiss"]
[EventRounds "8"]
[EventCountry "ESP"]
[SourceTitle "CBM 181 Extra"]
[Source "ChessBase"]
[SourceDate "2017.12.12"]
[SourceVersion "1"]
[SourceVersionDate "2017.12.12"]
[SourceQuality "1"]

1. d4 Nf6 2. Nf3 d5 3. e3 Bf5 4. Nbd2 e6 5. a3 c5 6. b3 Nc6 7. Bb2 a6 8. Nh4 Bg4 9. Nhf3 cxd4 10. exd4 Bd6 11. Be2 0-0 12. 0-0 Nd7 13. c4 dxc4 14. Nxc4 Bf4 15. h3 Bf5 16. d5 exd5 17. Qxd5 Be6 18. Qe4 Bc7 19. Rfd1 Re8 20. Qc2 Qe7 21. Bd3 Nf6 22. Ng5 h6 23. Nxe6 Qxe6 24. Qc3 Rad8 25. Bh7+ Kxh7 26. Re1 Qf5 27. Ne3 Qf4 28. Qc2+ Kg8 29. g3 Qf3 30. Kh2 Ne4 31. Rg1 Rd2 32. Qc1 Bxg3+ 33. Rxg3 Qxg3+ 0-1

[Event "Barcelona Ideal Clave op 21st"]
[Site "Barcelona"]
[Date "2017.11.11"]
[Round "6"]
[White "Febrero Perez, Lluis"]
[Black "Fernandez Macarron, Mariano"]
[Result "1-0"]
[WhiteElo "1499"]
[BlackElo "1446"]
[PlyCount "57"]
[EventDate "2017.09.30"]
[EventType "swiss"]
[EventRounds "8"]
[EventCountry "ESP"]
[SourceTitle "CBM 181 Extra"]
[Source "ChessBase"]
[SourceDate "2017.12.12"]
[SourceVersion "1"]
[SourceVersionDate "2017.12.12"]
[SourceQuality "1"]

1. e4 c5 2. Nf3 a6 3. b3 d6 4. Bb2 Bg4 5. Be2 e6 6. h3 Bh5 7. c4 Nc6 8. 0-0 Nf6 9. Nc3 Be7 10. Re1 Qc7 11. g4 Bg6 12. d4 Nxe4 13. Nxe4 Bxe4 14. d5 Ne5 15. Nxe5 dxe5 16. Bf1 Bg6 17. Bxe5 Bd6 18. Bxg7 Rg8 19. Bf6 h5 20. dxe6 Be7 21. exf7+ Kxf7 22. Rxe7+ Qxe7 23. Bxe7 Kxe7 24. Qe2+ Kf6 25. Qf3+ Kg7 26. g5 b6 27. Qf6+ Kh7 28. Bd3 Raf8 29. Bxg6+ 1-0

[Event "Barcelona Ideal Clave op 21st"]
[Site "Barcelona"]
[Date "2017.10.21"]
[Round "3"]
[White "Fernandez Macarron, Mariano"]
[Black "Ylla Soro, Rafael"]
[Result "1/2-1/2"]
[WhiteElo "1446"]
[BlackElo "1561"]
[PlyCount "63"]
[EventDate "2017.09.30"]
[EventType "swiss"]
[EventRounds "8"]
[EventCountry "ESP"]
[SourceTitle "CBM 181 Extra"]
[Source "ChessBase"]
[SourceDate "2017.12.12"]
[SourceVersion "1"]
[SourceVersionDate "2017.12.12"]
[SourceQuality "1"]

1. d4 Nf6 2. c4 g6 3. Nc3 d5 4. e3 Bg7 5. cxd5 Nxd5 6. Nf3 0-0 7. Be2 a6 8. a3 Bg4 9. 0-0 Nb6 10. h3 Bf5 11. Bd3 Bxd3 12. Qxd3 e6 13. Bd2 Nc6 14. Rad1 Rc8 15. b3 Ne7 16. Rfe1 Ned5 17. Nxd5 Nxd5 18. Qb1 Re8 19. e4 Nb6 20. Be3 c6 21. Qc1 Qc7 22. Bh6 f6 23. Bxg7 Qxg7 24. e5 Nd5 25. exf6 Qxf6 26. Ne5 Qg7 27. Rd3 Rf8 28. g3 Rce8 29. Qd1 Re7 30. Rf3 Ree8 31. Rxf8+ Rxf8 32. Qc2 1/2-1/2

[Event "Barcelona Ideal Clave op 21st"]
[Site "Barcelona"]
[Date "2017.10.07"]
[Round "2"]
[White "Prats Mir, Sergi"]
[Black "Fernandez Macarron, Mariano"]
[Result "1-0"]
[WhiteElo "1580"]
[BlackElo "1446"]
[PlyCount "105"]
[EventDate "2017.09.30"]
[EventType "swiss"]
[EventRounds "8"]
[EventCountry "ESP"]
[SourceTitle "CBM 181 Extra"]
[Source "ChessBase"]
[SourceDate "2017.12.12"]
[SourceVersion "1"]
[SourceVersionDate "2017.12.12"]
[SourceQuality "1"]

1. e4 e6 2. d4 d5 3. exd5 exd5 4. Nf3 Nf6 5. Bd3 c5 6. c3 cxd4 7. Nxd4 Nc6 8. Nf3 Be7 9. 0-0 0-0 10. h3 h6 11. Bf4 Bd6 12. Bxd6 Qxd6 13. Na3 a6 14. Nc2 Re8 15. Ncd4 Nh5 16. Qd2 Nf4 17. Bf5 Nxd4 18. Nxd4 Bxf5 19. Nxf5 Ne2+ 20. Kh1 Qe5 21. Ne3 Nf4 22. Rfe1 Qg5 23. f3 Rad8 24. Rad1 Re6 25. Nc2 Rde8 26. Rxe6 Rxe6 27. Nd4 Rg6 28. Rg1 Qg3 29. Ne2 Qf2 30. Qxf4 Qxe2 31. Qb8+ Kh7 32. Qxb7 Qe6 33. Qa7 Qf5 34. Qf2 h5 35. Rd1 Rd6 36. Qd4 Qc2 37. Qd3+ Qxd3 38. Rxd3 Kg6 39. Kg1 Kf5 40. Kf2 g5 41. Rd4 Ke5 42. g4 h4 43. Ke3 f5 44. f4+ Kf6 45. fxg5+ Kxg5 46. gxf5 Kxf5 47. Rxh4 Re6+ 48. Kd4 Re4+ 49. Rxe4 dxe4 50. Ke3 a5 51. h4 Kg4 52. Kxe4 Kxh4 53. c4 1-0

[Event "Foment Martinenc op-C 19st"]
[Site "Barcelona"]
[Date "2017.05.20"]
[Round "5.6"]
[White "Negre Pipla, Josep"]
[Black "Fernandez Macarron, Mariano"]
[Result "1/2-1/2"]
[WhiteElo "1727"]
[BlackElo "1711"]
[PlyCount "57"]
[EventDate "2017.04.22"]
[EventType "swiss"]
[EventRounds "9"]
[EventCountry "ESP"]
[SourceTitle "EXT 2024"]
[Source "ChessBase"]
[SourceDate "2023.10.10"]
[SourceVersion "1"]
[SourceVersionDate "2023.10.10"]
[SourceQuality "1"]

1. e4 c5 2. Nf3 d6 3. d4 cxd4 4. Nxd4 Nf6 5. Nc3 a6 6. Bc4 e6 7. Bb3 Be7 8. f4 Nbd7 9. 0-0 Nc5 10. Qf3 Nxb3 11. axb3 0-0 12. Be3 e5 13. Nf5 Bxf5 14. exf5 Qd7 15. fxe5 dxe5 16. Kh1 Rfc8 17. Na4 e4 18. Qe2 Qc6 19. Nb6 Nd5 20. Nxc8 Rxc8 21. c4 Nxe3 22. Qxe3 Bf6 23. Rae1 Re8 24. Re2 b5 25. c5 Re5 26. Rc2 a5 27. h3 h6 28. Qe1 b4 29. Qf2 1/2-1/2

[Event "Foment Martinenc op-C 19st"]
[Site "Barcelona"]
[Date "2017.05.13"]
[Round "4.6"]
[White "Fernandez Macarron, Mariano"]
[Black "Cruz Jimenez, Miguel"]
[Result "1-0"]
[WhiteElo "1711"]
[BlackElo "1800"]
[PlyCount "106"]
[EventDate "2017.04.22"]
[EventType "swiss"]
[EventRounds "9"]
[EventCountry "ESP"]
[SourceTitle "EXT 2024"]
[Source "ChessBase"]
[SourceDate "2023.10.10"]
[SourceVersion "1"]
[SourceVersionDate "2023.10.10"]
[SourceQuality "1"]

1. d4 d5 2. c4 e6 3. Nc3 Nf6 4. Bg5 Nbd7 5. Nf3 Be7 6. e3 0-0 7. Bd3 b6 8. cxd5 exd5 9. 0-0 Bb7 10. Qc2 h6 11. Bh4 c5 12. Rac1 Re8 13. h3 cxd4 14. exd4 Nh5 15. Bxe7 Rxe7 16. Qd2 Rc8 17. Nh4 Re8 18. Nf5 Nb8 19. Rfe1 Rxe1+ 20. Rxe1 Rc7 21. Qe3 Nf6 22. Qg3 Nh5 23. Qg4 g6 24. Nxh6+ Kh8 25. Nf5 Bc8 26. Qf3 Bxf5 27. Bxf5 Nc6 28. Bg4 Nf6 29. Nb5 Re7 30. Qxf6+ Kg8 31. Rxe7 Qf8 32. Nd6 Nxe7 33. Be6 fxe6 34. Qxe6+ Kg7 35. Qe5+ Kh7 36. h4 Nc8 37. Nxc8 Qxc8 38. Qxd5 Qc1+ 39. Kh2 Qf4+ 40. Kh3 Qxf2 41. Qd7+ Kh6 42. d5 Qe3+ 43. g3 Qe4 44. Qe6 Qh1+ 45. Kg4 Qd1+ 46. Kf4 Qd2+ 47. Ke5 Qxb2+ 48. Kd6 Qxa2 49. h5 Kxh5 50. Kc7 b5 51. Qe5+ g5 52. d6 Qa5+ 53. Kb7 b4 1-0

[Event "Costa Brava op 29th"]
[Site "Costa Brava"]
[Date "2016.11.05"]
[Round "5"]
[White "Fernandez Macarron, Mariano"]
[Black "Heredia Lloveras, David"]
[Result "0-1"]
[WhiteElo "1491"]
[BlackElo "1541"]
[PlyCount "108"]
[EventDate "2016.09.24"]
[EventType "swiss"]
[EventRounds "9"]
[EventCountry "ESP"]
[SourceTitle "EXT 2018"]
[Source "ChessBase"]
[SourceDate "2017.10.13"]
[SourceVersion "1"]
[SourceVersionDate "2017.10.13"]
[SourceQuality "1"]

1. d4 d5 2. Bf4 Bf5 3. Nf3 c5 4. c3 e6 5. e3 Qb6 6. Qd2 Nf6 7. b3 Nc6 8. Be2 cxd4 9. exd4 Be7 10. 0-0 Ne4 11. Qc1 h6 12. Nbd2 Nd6 13. Be3 Nb5 14. c4 Ba3 15. Qe1 Nbxd4 16. Nxd4 Nxd4 17. cxd5 0-0 18. dxe6 Bxe6 19. Bc4 Bf5 20. Nf3 Nxf3+ 21. gxf3 Qg6+ 22. Kh1 Qc6 23. Be2 Bg4 24. Qa5 Bxf3+ 25. Bxf3 Qxf3+ 26. Kg1 Qg4+ 27. Kh1 Qf3+ 28. Kg1 Bd6 29. Qd2 Rad8 30. Qc1 Qh3 31. Bf4 Qg4+ 32. Bg3 Be5 33. Rb1 h5 34. Kh1 Bxg3 35. fxg3 Rfe8 36. Rf4 Qe2 37. Qc7 Rd1+ 38. Rxd1 Qxd1+ 39. Kg2 Qd5+ 40. Kh3 Qe6+ 41. Kg2 Qd5+ 42. Kh3 Qe6+ 43. Kg2 Qd5+ 44. Kg1 Re1+ 45. Rf1 Rxf1+ 46. Kxf1 Qf5+ 47. Kg2 Qd5+ 48. Kh3 Qc6 49. Qb8+ Kh7 50. Qxa7 g5 51. Qd4 g4+ 52. Kh4 Kg6 53. Qd3+ f5 54. Qe3 Qf6+ 0-1

[Event "Costa Brava op 29th"]
[Site "Costa Brava"]
[Date "2016.10.15"]
[Round "3"]
[White "Fernandez Macarron, Mariano"]
[Black "Carraminana Puig, Jordi"]
[Result "1-0"]
[WhiteElo "1491"]
[BlackElo "1691"]
[PlyCount "69"]
[EventDate "2016.09.24"]
[EventType "swiss"]
[EventRounds "9"]
[EventCountry "ESP"]
[SourceTitle "EXT 2018"]
[Source "ChessBase"]
[SourceDate "2017.10.13"]
[SourceVersion "1"]
[SourceVersionDate "2017.10.13"]
[SourceQuality "1"]

1. c4 c5 2. Nc3 Nf6 3. Nf3 Nc6 4. g3 g6 5. Bg2 Bg7 6. 0-0 0-0 7. d3 d5 8. cxd5 Nxd5 9. Nxd5 Qxd5 10. a3 Rd8 11. Nd2 Qd7 12. Ne4 c4 13. Nc5 Qd6 14. Ne4 Qd4 15. Rb1 cxd3 16. Be3 Qc4 17. Rc1 Qb5 18. exd3 Qxb2 19. Bc5 Rb8 20. Rb1 Qe5 21. Be3 Qd5 22. Nf6+ Bxf6 23. Bxd5 Rxd5 24. Qb3 Rd8 25. Rfd1 Be6 26. Qc2 Ne5 27. Kf1 Rbc8 28. Qa4 Bh3+ 29. Ke2 Bg4+ 30. Kf1 Bxd1 31. Rxd1 a6 32. Kg2 Rxd3 33. Rxd3 Nxd3 34. Qd7 Rc3 35. Bh6 1-0

[Event "Costa Brava op 29th"]
[Site "Costa Brava"]
[Date "2016.09.24"]
[Round "1"]
[White "Fernandez Macarron, Mariano"]
[Black "Morales Dalmau, Jordi"]
[Result "0-1"]
[WhiteElo "1491"]
[BlackElo "2003"]
[PlyCount "59"]
[EventDate "2016.09.24"]
[EventType "swiss"]
[EventRounds "9"]
[EventCountry "ESP"]
[SourceTitle "EXT 2018"]
[Source "ChessBase"]
[SourceDate "2017.10.13"]
[SourceVersion "1"]
[SourceVersionDate "2017.10.13"]
[SourceQuality "1"]

1. d4 d5 2. c4 c6 3. Nc3 Nf6 4. Nf3 dxc4 5. e3 Bf5 6. Bxc4 e6 7. 0-0 Nbd7 8. Re1 Be7 9. a3 0-0 10. Be2 h6 11. Ne5 Ne4 12. Bg4 Nxc3 13. bxc3 Nxe5 14. Bxf5 exf5 15. dxe5 Qa5 16. Bb2 Qxe5 17. Qb3 Qb5 18. Qc2 Bf6 19. Rab1 Qc5 20. a4 Rfd8 21. Rec1 Rd7 22. c4 Bxb2 23. Qxb2 Rad8 24. Qc2 f4 25. Qb3 Rd3 26. Qc2 fxe3 27. fxe3 Qxe3+ 28. Kh1 Rd2 29. Re1 Qxe1+ 30. Rxe1 0-1

[Event "Foment Martinenc op-C 16th"]
[Site "Barcelona"]
[Date "2014.05.31"]
[Round "6"]
[White "Sanchez Viana, Jordi"]
[Black "Fernandez Macarron, Mariano"]
[Result "1-0"]
[WhiteElo "1850"]
[BlackElo "1750"]
[PlyCount "47"]
[EventDate "2014.04.26"]
[EventType "swiss"]
[EventRounds "9"]
[EventCountry "ESP"]
[SourceTitle "EXT 2015"]
[Source "ChessBase"]
[SourceDate "2014.11.20"]
[SourceVersion "1"]
[SourceVersionDate "2014.11.20"]
[SourceQuality "1"]

1. e4 c5 2. Nf3 d6 3. d4 cxd4 4. Nxd4 Nf6 5. Nc3 a6 6. Be2 e6 7. 0-0 Be7 8. Be3 0-0 9. Bf3 Nbd7 10. Qd2 Ne5 11. Be2 b5 12. a3 Bb7 13. f3 Rc8 14. g4 d5 15. g5 Nfd7 16. exd5 exd5 17. f4 Nc4 18. Bxc4 dxc4 19. Nf5 Re8 20. Rad1 Rc7 21. Nd5 Bxd5 22. Qxd5 g6 23. Nh6+ Kh8 24. Nxf7+ 1-0

[Event "Foment Martinenc op-C 16th"]
[Site "Barcelona"]
[Date "2014.05.24"]
[Round "5"]
[White "Fernandez Macarron, Mariano"]
[Black "Riu Borge, Albert"]
[Result "0-1"]
[WhiteElo "1750"]
[BlackElo "1700"]
[PlyCount "116"]
[EventDate "2014.04.26"]
[EventType "swiss"]
[EventRounds "9"]
[EventCountry "ESP"]
[SourceTitle "EXT 2015"]
[Source "ChessBase"]
[SourceDate "2014.11.20"]
[SourceVersion "1"]
[SourceVersionDate "2014.11.20"]
[SourceQuality "1"]

1. Nf3 d5 2. d4 Nf6 3. e3 c6 4. c4 e6 5. Nc3 Qa5 6. Bd2 Qc7 7. cxd5 cxd5 8. Rc1 Qd8 9. Nb5 Nc6 10. Bd3 Be7 11. Ne5 Qb6 12. Qa4 0-0 13. Ba5 Nxa5 14. 0-0 Nc6 15. Nxc6 bxc6 16. Nc3 Bd7 17. Qc2 Rab8 18. Na4 Qa5 19. b3 Rfc8 20. Nc5 Bxc5 21. dxc5 e5 22. f3 Re8 23. Qf2 Be6 24. e4 dxe4 25. fxe4 Red8 26. Bc4 Nxe4 27. Qe3 Qxc5 28. Qxc5 Nxc5 29. Bxe6 Nxe6 30. Rxc6 Rb6 31. Rc2 f6 32. Rfc1 Nd4 33. Rb2 Rc6 34. Rxc6 Nxc6 35. Kf2 Nd4 36. Ke3 Rc8 37. Kd3 Kf7 38. b4 a6 39. a4 Ke6 40. b5 axb5 41. axb5 Kd5 42. b6 Kc6 43. Rb4 Kb7 44. h4 h5 45. g3 Rc6 46. Ke4 Rxb6 47. Rc4 Rb3 48. Kd5 Rxg3 49. Rb4+ Kc7 50. Rc4+ Kd7 51. Ra4 Rc3 52. Ra7+ Rc7 53. Ra6 Ke7 54. Ke4 Kf7 55. Ra8 Kg6 56. Ra1 Kh6 57. Rg1 Rc2 58. Kd3 Rh2 0-1

[Event "Barcelona La Lira op-D 11th"]
[Site "Barcelona"]
[Date "2008.07.22"]
[Round "4.5"]
[White "Rodrigo Moli, Josep"]
[Black "Fernandez Macarron, Mariano"]
[Result "1-0"]
[WhiteElo "1736"]
[BlackElo "1760"]
[PlyCount "115"]
[EventDate "2008.07.19"]
[EventType "tourn"]
[EventRounds "9"]
[EventCountry "ESP"]
[SourceTitle "EXT 2024"]
[Source "ChessBase"]
[SourceDate "2023.10.10"]
[SourceVersion "1"]
[SourceVersionDate "2023.10.10"]
[SourceQuality "1"]

1. e4 c5 2. Nf3 Nc6 3. d4 cxd4 4. Nxd4 e5 5. Nf3 Nf6 6. Nc3 Bb4 7. Bd3 d5 8. exd5 Nxd5 9. Bd2 0-0 10. 0-0 Nxc3 11. bxc3 Bd6 12. Be4 Na5 13. Rb1 Rb8 14. Bd5 Be7 15. c4 Bf6 16. Re1 Re8 17. Bc3 Bg4 18. Qd3 Bxf3 19. Qxf3 Qc7 20. Re4 Nc6 21. Rg4 Ne7 22. Qxf6 Ng6 23. Bxf7+ Qxf7 24. Qxf7+ Kxf7 25. Re4 b6 26. g3 Rbc8 27. Rb5 Kf6 28. f4 Kf5 29. Re1 Rxc4 30. Bxe5 Nxe5 31. Rbxe5+ Rxe5 32. Rxe5+ Kf6 33. Re2 a5 34. Kf2 Rc3 35. Ke1 Rc6 36. Kd1 Re6 37. Rf2 Kg6 38. Kc1 Kh5 39. Kb2 Kg4 40. Kb3 Kh3 41. Ka4 h5 42. Kb5 Re1 43. Kxb6 Rh1 44. c4 Rxh2 45. Rxh2+ Kxh2 46. c5 Kxg3 47. c6 h4 48. c7 h3 49. c8Q h2 50. Qc3+ Kxf4 51. Qh3 g5 52. Qxh2+ Kf5 53. Qg3 g4 54. Kc5 a4 55. Kd4 Kg5 56. Ke3 a3 57. Qf4+ Kh4 58. Kf2 1-0

[Event "Barcelona La Lira op-D 11th"]
[Site "Barcelona"]
[Date "2008.07.20"]
[Round "2.4"]
[White "Fontela Hidalgo, Victor"]
[Black "Fernandez Macarron, Mariano"]
[Result "1-0"]
[WhiteElo "1700"]
[BlackElo "1760"]
[PlyCount "67"]
[EventDate "2008.07.19"]
[EventType "tourn"]
[EventRounds "9"]
[EventCountry "ESP"]
[SourceTitle "EXT 2024"]
[Source "ChessBase"]
[SourceDate "2023.10.10"]
[SourceVersion "1"]
[SourceVersionDate "2023.10.10"]
[SourceQuality "1"]

1. e4 c5 2. d4 cxd4 3. c3 Nc6 4. cxd4 e6 5. Nf3 g6 6. Bc4 Bg7 7. d5 exd5 8. Qxd5 Qa5+ 9. Qd2 Nge7 10. 0-0 0-0 11. Re1 d6 12. Qxd6 Bg4 13. Bd2 Qb6 14. Bc3 Rad8 15. Qf4 Bxf3 16. Qxf3 Ne5 17. Bxe5 Bxe5 18. Nc3 Qxb2 19. Nd5 Nxd5 20. Bxd5 b6 21. Rad1 Rc8 22. Re2 Qc1 23. Bb3 Qc7 24. g3 Qe7 25. Red2 Qf6 26. Qxf6 Bxf6 27. Rd7 a5 28. Rb7 Rc6 29. Rdd7 Kg7 30. Bxf7 Rh8 31. Bd5+ Kh6 32. Bxc6 Bd4 33. Rxd4 Rb8 34. Rdd7 1-0